00746cam a22002413a 45000010005000000030006000050050017000110080041000280400015000690420007000840500007000911000029000982450059001272600029001865060073002155160020002886530022003086530060003306530022003906530023004128300028004358560041004638987PGUSA20140828083207.0050901s2005||||xxu|||||s|||||000 1 eng d aPGUSAbeng adc 4aPQ1 aVerne, Jules,d1828-190510aMichael Strogoffh[electronic resource] /cJules Verne bProject Gutenberg,c2005 aCopyrighted. Read the copyright notice inside this book for details. aElectronic text aHeroes -- Fiction aRussia -- History -- Alexander II, 1855-1881 -- Fiction aTatars -- Fiction aHistorical fiction 0aProject Gutenbergv898740uhttp://www.gutenberg.org/ebooks/8987